000 00764nam a2200289Ia 4500
001 14870
003 IT-RoPAU
008 130308s9999 xx 000 0 und d
040 _aIT-RoPAU
040 _cIT-RoPAU
041 _aITALIANO
100 _aKneif Tibor
100 _gCodice Aut. SPICS: 5055
245 _aMusica come simbolo e immagine della realtà sociale (La)
245 _bSociologia della Musica (La)-Antologia
250 _a1a ed.
260 _aTORINO
260 _bEDT
260 _c1980 [1° Ed.:1980 - Ed.Ling.Originale:1968]
300 _a"7 p. (prefazione: no ; testo: 7 [pagine: 114-120])"
650 _aSAGGI MUSICALI
650 _eCodice materia Spics: 7011
942 _cBK
957 _71
999 _c60118
_d60118
999 _bSI
999 _g1